000 00604nam a2200241Ia 4500
003 OSt
005 20220912151750.0
006 a|||||r|||| 00| 0
007 ta
008 220909b |||||||| |||| 00| 0 eng d
024 _a28035
037 _cTextual
040 _aCSL
_beng
_cCSL
041 _aeng
082 _aY7933:3(B), M8
100 _aMimica Jadran
245 0 _aIntimations of infinity
260 _aOxford
_bBerg
_c1988
300 _a188p.
_ccm.
650 _aNew Guinea people
942 _hY7933:3(B), M8
_cTEXL
_2CC
999 _c75027
_d75027